Leasehold Valuation Tribunals (Record no. 100767)
[ view plain ]
| 000 -LEADER | |
|---|---|
| fixed length control field | 01383cam a2200277 4500 |
| 008 - FIXED-LENGTH DATA ELEMENTS--GENERAL INFORMATION | |
| fixed length control field | 000000n2004 000 0 eng u |
| 020 ## - INTERNATIONAL STANDARD BOOK NUMBER | |
| International Standard Book Number | 0421691301 |
| 035 ## - SYSTEM CONTROL NUMBER | |
| System control number | (Sirsi) u108296 |
| 041 ## - LANGUAGE CODE | |
| Language code of text/sound track or separate title | eng |
| 050 ## - LIBRARY OF CONGRESS CALL NUMBER | |
| Classification number | 347.4104 |
| -- | 18 |
| 100 ## - MAIN ENTRY--PERSONAL NAME | |
| Personal name | Dymond, Andrew |
| 245 ## - TITLE STATEMENT | |
| Title | Leasehold Valuation Tribunals |
| Remainder of title | a practical guide |
| 260 ## - PUBLICATION, DISTRIBUTION, ETC. | |
| Place of publication, distribution, etc. | London |
| Name of publisher, distributor, etc. | Sweet and Maxwell |
| Date of publication, distribution, etc. | 2004 |
| 300 ## - PHYSICAL DESCRIPTION | |
| Extent | xxxi, 438p. |
| Dimensions | 24cm. |
| 350 ## - PRICE (NR) (BK AM CF MU VM SE) [OBSOLETE] | |
| Price | 79 |
| 520 ## - SUMMARY, ETC. | |
| Summary, etc. | Explains the practice and procedure of conducting cases before Leasehold Valuation Tribunals (LVTs) and Rent Assessment Committees (RACs). Looks at every aspect of leasehold related disputes including: valuation disputes in enfranchisement cases; service charge disputes; appointment of managers; variation of leases; breach of covenant; administration charges; assessment of fair rents; and market rents for assured tenancies. Also explains the effects of the Commonhold and Leasehold Reform Act 2002 on the jurisdictions of the LVTs and RACs. Appendices contain full text of various Statutory Instruments and LVT Forms. |
| 650 ## - SUBJECT ADDED ENTRY--TOPICAL TERM | |
| Topical term or geographic name entry element | LEASEHOLD VALUATION TRIBUNALS |
| 650 ## - SUBJECT ADDED ENTRY--TOPICAL TERM | |
| Topical term or geographic name entry element | LEASEHOLD ENFRANCHISEMENT |
| 650 ## - SUBJECT ADDED ENTRY--TOPICAL TERM | |
| Topical term or geographic name entry element | RENT ASSESSMENT COMMITTEE |
| 650 ## - SUBJECT ADDED ENTRY--TOPICAL TERM | |
| Topical term or geographic name entry element | SERVICE CHARGE DISPUTES |
| 650 ## - SUBJECT ADDED ENTRY--TOPICAL TERM | |
| Topical term or geographic name entry element | LEASE EXTENSION |
| 690 ## - LOCAL SUBJECT ADDED ENTRY--TOPICAL TERM (OCLC, RLIN) | |
| Topical term or geographic name as entry element | Landlord and tenant |
| 9 (RLIN) | 6252 |
| 700 ## - ADDED ENTRY--PERSONAL NAME | |
| Personal name | Cafferkey, Annette |
| 700 ## - ADDED ENTRY--PERSONAL NAME | |
| Personal name | Gallagher, Stan |
| 942 ## - ADDED ENTRY ELEMENTS (KOHA) | |
| Suppress in OPAC | 0 |
| Withdrawn status | Lost status | Source of classification or shelving scheme | Damaged status | Not for loan | Home library | Current library | Shelving location | Date acquired | Cost, normal purchase price | Total Checkouts | Full call number | Barcode | Date last seen | Date last checked out | Copy number | Cost, replacement price | Price effective from | Koha item type |
|---|---|---|---|---|---|---|---|---|---|---|---|---|---|---|---|---|---|---|
| Dewey Decimal Classification | London | London | Books | 19/01/2005 | 49.00 | 11 | 347.4104 DYM | 30067432 | 06/08/2019 | 17/10/2006 | 1 | 49.00 | 06/08/2019 | Book |